000 00796nam a2200217 i 4500
001 bg
100 1 _aDREXLER, Zbigniew
245 1 0 _aMały kodeks drogowy z objaśnieniami /
_cZbigniew Drexler.
250 _aWyd. 2, stan prawny na dzień 1 października 2003 r.
260 _aWarszawa :
_bWydawnictwa Komunikacji i Łączności,
_c2003.
300 _a265 s., [10] s. tabl. kolor. :
_bil. ;
_c21 cm +
_euzupełnienie.
650 9 _aKomunikacja drogowa
_xprawo
_zPolska
_ystan na 2003 r.
020 _a8320614740
040 _cBPK
041 0 _apol
080 _a351.811.122(438)(094.4.07)
920 _a83-206-1474-0
942 _cKS
008 s pl f |000 0 pol
999 _c43497
_d43497
856 _uhttp://koha.tu.koszalin.pl/cgi-bin/koha/opac-detail.pl?biblionumber=43497
_yKatalog online BPK